Horacio en España : la poesía horaciana /

Gorde:
Xehetasun bibliografikoak
Egile nagusia: Menéndez Pelayo, Marcelino (autor)
Formatua: Liburua
Hizkuntza:gaztelania
Edizioa:2a edición
Saila:(Colección de Escritores Castellanos Pérez Dubrull)
Gaiak:
Etiketak: Etiketa erantsi
Etiketarik gabe, Izan zaitez lehena erregistro honi etiketa jartzen!

MARC

LEADER 00000nam^a2200000^a^4500
001 000368671
005 20250526000000.0
009 20260526142243.778
037 |a Acervo Xavier Clavigero 
041 |a ESP 
082 |a 870. 9  |b MEN V. 2 
100 |a Menéndez Pelayo, Marcelino  |e (autor) 
240 1 1 |a [Horacio en España] 
245 1 0 |a Horacio en España :  |b la poesía horaciana /  |c M. Menéndez Pelayo. 
250 |a 2a edición  |b corregida 
264 |a Madrid, España :  |b Imprenta de A. Pérez Dubrull,  |c 1885 
300 |a 441 p. ;  |c 16.5 cm. 
336 |a texto  |b txt  |2 rdacontenido 
337 |a sin mediación  |b n  |2 rdamedio 
338 |a volumen  |b nc  |2 rdasoporte 
440 1 |a (Colección de Escritores Castellanos Pérez Dubrull) 
501 |a Encuadernación particular 
545 0 |a Marcelino Menéndez Pelayo (1856-1912) fue uno de los máximos exponentes de la historicidad y crítica literaria española. De formación en letras, Menéndez fue un personaje de múltiples facetas, lo mismo escribió poesía, tradujo textos antiguos como desarrolló un pensamiento filosófico y se dedicó a la política. En 1898 fue director de la Biblioteca Nacional de España hasta su muerte, fue miembro de la Real Academia Española y dirigió la Academia de Historia. Su obra se centra principalmente en el estudio de la literatura del mundo hispánico pero también en la historia y el arte español, así como en el desarrollo de la filosofía y el pensamiento cristiano en España. De tendencia liberal pero arraigado en el cristianismo, Menéndez buscó enraizar lo español en la tradición católica de su país desde una visión que resultó una amalgama de tradición y modernismo. Sus obras más importantes son: La ciencia española (1876), Historia de los heterodoxos españoles (1880-1882), Historia de las ideas estéticas españolas (1883-1884) y Antología de poetas líricos castellanos (1890-1908). 
561 |a Ex libris de Bibl. Junioratus San Cayetano 
649 |a XX 
650 |a Escritores Latinos 
650 |a Poesía Latina -  |x Historia y Crítica 
650 |a Poesía Clásica -  |x Historia y Crítica 
650 |a Literatura Latina -  |x Historia y Crítica 
650 |a Literatura Clásica -  |x Historia y Crítica 
650 |a Literatura -  |x Historia y Crítica 
650 |a Horacio Flaco, Quinto 
910 |a Fondo General 
920 |a Impresos - Libros 
930 |a Libros Antiguos y Raros 
940 |a Literatura 
905 |a 108 
901 |a 0500262440  |b IT2  |c LRA  |u 20250526 
902 |a https://opac.biblio.iteso.mx/vufind/Record/000368671